000
00316nam a22001337a 4500
008
170526b xxu||||| |||| 00| 0 eng d
020
_a
9780073019338
041
_a
eng
080
_2
6 ED
_a
62
100
_a
27
101
_a
IM
245
_a
SOFTWARE ENGINEERING A PRACTIONER
_c
PRESSMAN.R.S
942
_2
udc
_c
BK
999
_c
14504
_d
14504